[Event "Budapest FS11 IM"]
[Site "Budapest"]
[Date "2010.11.09"]
[Round "4"]
[White "Antipov, Mikhail Al"]
[Black "Biro, David"]
[Result "1-0"]
[WhiteElo "2323"]
[BlackElo "2211"]
[PlyCount "111"]
[EventDate "2010.11.06"]
[EventType "tourn"]
[EventRounds "11"]
[EventCountry "HUN"]
[EventCategory "2"]
[SourceTitle "EXT 2011"]
[Source "ChessBase"]
[SourceDate "2010.11.26"]
[SourceVersion "1"]
[SourceVersionDate "2010.11.26"]
[SourceQuality "1"]

1. e4 d6 2. d4 g6 3. c4 Bg7 4. Nc3 Nf6 5. f3 0-0 6. Be3 e5 7. d5 Nh5 8. Qd2 f5 9. exf5 gxf5 10. 0-0-0 a5 11. Nh3 Na6 12. Rg1 Nf6 13. Be2 Nd7 14. Bg5 Qe8 15. g4 Ndc5 16. Bh6 f4 17. Bxg7 Kxg7 18. Nf2 Bd7 19. Nfe4 Qe7 20. Kb1 Be8 21. Bd3 Nxd3 22. Qxd3 Bg6 23. b3 Nc5 24. Qe2 Qe8 25. h4 Bxe4+ 26. Nxe4 Nxe4 27. Qxe4 Qg6 28. Rge1 b6 29. Kc2 Qxe4+ 30. Rxe4 Kg6 31. Re2 Kf6 32. Rg1 Rg8 33. Reg2 h6 34. Kd3 Rab8 35. Ke4 Rbf8 36. Rh2 Rh8 37. Rc1 Ra8 38. a3 Kg6 39. Ra2 Ra7 40. Rg2 Kf6 41. Rcg1 Raa8 42. g5+ hxg5 43. Rxg5 Rh7 44. Rg6+ Kf7 45. h5 Rah8 46. b4 axb4 47. axb4 Ke7 48. c5 bxc5 49. bxc5 dxc5 50. Rc6 Kd7 51. h6 Re8 52. Rgg6 Ree7 53. Rxc5 Ke8 54. Rcc6 Kf7 55. Rcf6+ Ke8 56. Re6 1-0

[Event "Budapest FS11 IM"]
[Site "Budapest"]
[Date "2010.11.08"]
[Round "3"]
[White "Biro, David"]
[Black "Kahn, Evarth"]
[Result "0-1"]
[WhiteElo "2211"]
[BlackElo "2260"]
[PlyCount "71"]
[EventDate "2010.11.06"]
[EventType "tourn"]
[EventRounds "11"]
[EventCountry "HUN"]
[EventCategory "2"]
[SourceTitle "EXT 2011"]
[Source "ChessBase"]
[SourceDate "2010.11.26"]
[SourceVersion "1"]
[SourceVersionDate "2010.11.26"]
[SourceQuality "1"]

1. d4 Nf6 2. c4 e5 3. dxe5 Ng4 4. Nf3 Bc5 5. e3 Nc6 6. Be2 0-0 7. 0-0 Ngxe5 8. Nxe5 Nxe5 9. Nc3 Re8 10. b3 a5 11. Ne4 Bf8 12. f4 Nc6 13. Bf3 d6 14. Re1 a4 15. Bb2 axb3 16. axb3 Rxa1 17. Bxa1 Nb8 18. Qd4 Na6 19. Qc3 Bd7 20. Ng3 Bc6 21. Nf5 f6 22. Rd1 Bxf3 23. gxf3 Qd7 24. e4 Nc5 25. Kh1 Ne6 26. Rg1 Kh8 27. Qd2 Qf7 28. Ng3 Nc5 29. Qc3 b5 30. Nf5 bxc4 31. bxc4 Rb8 32. Nd4 Na4 33. Qc2 Nb6 34. Nc6 Ra8 35. Qg2 Qxc4 36. Bxf6 0-1

[Event "HUN-chT2 Szechenyi 1011"]
[Site "Hungary"]
[Date "2010.11.07"]
[Round "5.2"]
[White "Biro, David"]
[Black "Toronyi, David"]
[Result "1-0"]
[WhiteElo "2211"]
[BlackElo "2045"]
[PlyCount "69"]
[EventDate "2010.09.12"]
[EventType "team-tourn"]
[EventRounds "11"]
[EventCountry "HUN"]
[SourceTitle "EXT 2012"]
[Source "ChessBase"]
[SourceDate "2011.11.24"]
[SourceVersion "1"]
[SourceVersionDate "2011.11.24"]
[SourceQuality "1"]
[WhiteTeam "Veszprem"]
[BlackTeam "Tapolca"]
[WhiteTeamCountry "HUN"]
[BlackTeamCountry "HUN"]

1. Nf3 d5 2. g3 Nf6 3. Bg2 e6 4. 0-0 Bd6 5. d3 h6 6. Nbd2 Nbd7 7. e4 c6 8. Qe2 Qc7 9. b3 Bb4 10. Bb2 Bxd2 11. Nxd2 b6 12. c4 dxe4 13. Nxe4 Bb7 14. Nxf6+ Nxf6 15. Bxf6 gxf6 16. Qf3 Qe7 17. a4 0-0-0 18. a5 c5 19. Qe3 Bxg2 20. Kxg2 Qb7+ 21. Kg1 h5 22. axb6 axb6 23. Ra2 Kd7 24. d4 cxd4 25. Qxd4+ Ke7 26. Qc3 e5 27. Qb4+ Ke6 28. c5 Rd4 29. Qb5 Rd5 30. Ra6 Kf5 31. Rxb6 Qc7 32. b4 h4 33. Qe2 e4 34. g4+ Kg5 35. Qxe4 1-0

[Event "HUN-chT2 Erkel 0910"]
[Site "Hungary"]
[Date "2010.05.02"]
[Round "11.4"]
[White "Sleisz, Tamas"]
[Black "Biro, David"]
[Result "0-1"]
[WhiteElo "2245"]
[BlackElo "2182"]
[PlyCount "58"]
[EventDate "2009.11.08"]
[EventType "team-tourn"]
[EventRounds "11"]
[EventCountry "HUN"]
[SourceTitle "EXT 2011"]
[Source "ChessBase"]
[SourceDate "2010.11.26"]
[SourceVersion "1"]
[SourceVersionDate "2010.11.26"]
[SourceQuality "1"]
[WhiteTeam "Godollo"]
[BlackTeam "Husi"]
[WhiteTeamCountry "HUN"]
[BlackTeamCountry "HUN"]

1. e4 d6 2. d4 g6 3. Nc3 Bg7 4. Be3 a6 5. Qd2 Nd7 6. f3 e6 7. h4 h5 8. 0-0-0 b5 9. Nh3 Bb7 10. Ng5 Ngf6 11. Bd3 0-0 12. Rdg1 c5 13. Nd1 cxd4 14. Bxd4 e5 15. Bf2 d5 16. exd5 Bxd5 17. Nc3 Bb7 18. Be4 Qc7 19. Bxb7 Qxb7 20. Rd1 Rac8 21. Qd6 Rc6 22. Qe7 b4 23. Nce4 b3 24. axb3 Nxe4 25. Nxe4 Qxb3 26. Nc5 Qa2 27. c3 Nxc5 28. Bxc5 Rb8 29. Rd8+ Rxd8 0-1

[Event "HUN-chT2 Erkel 0910"]
[Site "Hungary"]
[Date "2009.11.08"]
[Round "1.4"]
[White "Biro, David"]
[Black "Domany, Mihaly"]
[Result "1/2-1/2"]
[WhiteElo "2182"]
[BlackElo "2203"]
[PlyCount "87"]
[EventDate "2009.11.08"]
[EventType "team-tourn"]
[EventRounds "11"]
[EventCountry "HUN"]
[SourceTitle "EXT 2011"]
[Source "ChessBase"]
[SourceDate "2010.11.26"]
[SourceVersion "1"]
[SourceVersionDate "2010.11.26"]
[SourceQuality "1"]
[WhiteTeam "Husi"]
[BlackTeam "Paszto"]
[WhiteTeamCountry "HUN"]
[BlackTeamCountry "HUN"]

1. d4 d5 2. c4 e6 3. Nf3 c6 4. e3 f5 5. Nbd2 Nf6 6. Bd3 Bd6 7. Qc2 0-0 8. Nb3 Qe8 9. Ne5 Nbd7 10. f4 Qh5 11. Qe2 Qh4+ 12. g3 Qh3 13. Bd2 b6 14. cxd5 cxd5 15. Qf1 Qxf1+ 16. Kxf1 a6 17. Ke2 Bb7 18. a3 Rfc8 19. Rhc1 Kf8 20. Bb4 Ke7 21. Bxd6+ Kxd6 22. Rxc8 Rxc8 23. Rc1 Rxc1 24. Nxc1 g6 25. b4 Ke7 26. Nxd7 Nxd7 27. Nb3 Kd6 28. Kd2 Bc8 29. a4 Nb8 30. a5 b5 31. Be2 Nc6 32. Kc3 h5 33. Nc5 Nb8 34. Nd3 Nc6 35. Ne1 Kd7 36. Nf3 Kd6 37. Nh4 Ne7 38. h3 Bd7 39. g4 hxg4 40. hxg4 Be8 41. Ng2 Ng8 42. g5 Ne7 43. Ne1 Nc8 44. Nd3 1/2-1/2

[Event "Balatonlelle op 27th"]
[Site "Balatonlelle"]
[Date "2009.06.15"]
[Round "3"]
[White "Rezsek, Gyozo"]
[Black "Biro, David"]
[Result "1/2-1/2"]
[WhiteElo "2102"]
[BlackElo "2191"]
[PlyCount "49"]
[EventDate "2009.06.13"]
[EventType "swiss"]
[EventRounds "9"]
[EventCountry "HUN"]
[SourceTitle "CBM 131 Extra"]
[Source "ChessBase"]
[SourceDate "2009.09.03"]
[SourceVersion "2"]
[SourceVersionDate "2009.09.16"]
[SourceQuality "1"]

1. d4 Nf6 2. c4 c5 3. d5 b5 4. cxb5 a6 5. f3 d6 6. e4 g6 7. Nc3 Bg7 8. bxa6 Bxa6 9. Bxa6 Nxa6 10. Nge2 0-0 11. Be3 Qb6 12. Rb1 Rfb8 13. 0-0 Nd7 14. f4 Qb4 15. a3 Qb3 16. Qd3 Nb6 17. e5 dxe5 18. fxe5 Bxe5 19. Bf4 Qc4 20. Qd2 Nd7 21. Bxe5 Nxe5 22. Qg5 f6 23. Qh6 Nf7 24. Qe3 Ne5 25. Qh6 1/2-1/2